[Event "Titled Tue 27th May Late"]
[Site "chess.com INT"]
[Date "2025.05.27"]
[Round "1"]
[White "Aadit, Bhatia"]
[Black "Idani, Pouya"]
[Result "0-1"]
[BlackTitle "GM"]
[WhiteElo "2122"]
[BlackElo "2630"]
[WhiteFideId "25088955"]
[BlackFideId "12510130"]
[EventDate "2025.05.27"]

1. Nf3 c5 2. e4 e6 3. d3 d5 4. Nbd2 Bd6 5. g3 Ne7 6. Bg2 Nbc6 7. O-O O-O 8. Re1
f6 9. a4 d4 10. Nc4 e5 11. Rf1 Be6 12. b3 Bc7 13. Nh4 Qd7 14. Bd2 g5 15. Nf5
Nxf5 16. exf5 Bxf5 17. a5 Rae8 18. Re1 Bg4 19. Bxc6 bxc6 20. f3 Be6 21. Kg2 h5
22. h3 Bxh3+ 23. Kf2 Bf5 24. Rh1 Bg6 25. Qc1 Kg7 26. Qa3 Qd5 27. Rae1 Rh8 28. a6
g4 29. Re4 f5 30. Ree1 Qxf3+ 31. Kg1 Qxg3+ 32. Kf1 Qf3+ 33. Kg1 g3 34. Rf1 Qd5
35. Rh3 f4 36. Ba5 Bd6 37. b4 Bf5 38. Rxg3+ fxg3 39. Rxf5 Rhf8 40. Rxh5 Qf3 41.
Qc1 Qf2+ 42. Kh1 g2+ 43. Kh2 g1=Q+ 44. Kh3 Rf3# 0-1

[Event "Titled Tue 27th May Late"]
[Site "chess.com INT"]
[Date "2025.05.27"]
[Round "1"]
[White "Pakleza, Zbigniew"]
[Black "Smieszek, Wojciech"]
[Result "0-1"]
[WhiteTitle "GM"]
[BlackTitle "CM"]
[WhiteElo "2484"]
[BlackElo "2141"]
[WhiteFideId "1119290"]
[BlackFideId "1156047"]
[EventDate "2025.05.27"]

1. g3 Nf6 2. d3 c5 3. c3 Nc6 4. e3 g6 5. f3 Bg7 6. h3 O-O 7. b3 Qc7 8. Ne2 d5 9.
a3 e5 10. Bg2 b6 11. O-O Bb7 12. Qc2 Rad8 13. e4 dxe4 14. dxe4 Ba6 15. Be3 Rd7
16. c4 Rfd8 17. Nbc3 Nd4 18. Qb2 Bb7 19. Rac1 h5 20. h4 Kh7 21. Bh3 Re7 22. Nd5
Nxd5 23. cxd5 Qd6 24. b4 Bc8 25. bxc5 bxc5 26. Bxc8 Rxc8 27. Kg2 Rb8 28. Qa2
Reb7 29. Bxd4 exd4 30. Qc4 Rb2 31. Rc2 f5 32. Rfc1 fxe4 33. fxe4 Be5 34. Rxb2
Rxb2 35. Rc2 Qb6 36. Kh3 Rb1 37. Nf4 Bxf4 38. gxf4 Rh1+ 39. Kg2 Qb1 40. d6 Qg1+
41. Kf3 Rh3+ 42. Ke2 Qe3+ 43. Kf1 Rh1+ 44. Kg2 Rg1+ 45. Kh2 Qg3# 0-1

[Event "Titled Tue 27th May Late"]
[Site "chess.com INT"]
[Date "2025.05.27"]
[Round "1"]
[White "Movahed, Sina"]
[Black "Bendayan Claros, Aaron"]
[Result "1-0"]
[WhiteTitle "GM"]
[BlackTitle "CM"]
[WhiteElo "2518"]
[BlackElo "2224"]
[WhiteFideId "42520835"]
[BlackFideId "3803392"]
[EventDate "2025.05.27"]

1. Nf3 d5 2. c4 e6 3. e3 Nf6 4. b3 g6 5. cxd5 exd5 6. Nc3 c6 7. Bd3 Nbd7 8. O-O
Qe7 9. a4 a5 10. Qc2 Ne5 11. Nxe5 Qxe5 12. Bb2 Bg7 13. e4 Ng4 14. f4 Qh5 15. h3
Bd4+ 16. Kh1 Nf2+ 17. Rxf2 Bxf2 18. Bf1 O-O 19. exd5 Bf5 20. d3 Bd4 21. dxc6
bxc6 22. Rc1 Qh4 23. Qd2 Rae8 24. Ne2 Be3 25. Qc3 f6 26. Qc4+ Kg7 27. Rd1 c5 28.
Bc3 Re7 29. Be1 Qh6 30. Bxa5 Rfe8 31. Bc3 Bd4 32. Nxd4 cxd4 33. Qxd4 Qh4 34. Kh2
g5 35. Qxf6+ Kg8 36. Qxf5 gxf4 37. Qd5+ Kf8 38. Bb4 Qg3+ 39. Kh1 Kg7 40. Bxe7
Rxe7 41. Qf3 1-0

[Event "Titled Tue 27th May Late"]
[Site "chess.com INT"]
[Date "2025.05.27"]
[Round "1"]
[White "Khenkin, Igor"]
[Black "Sarasketa Irastortza, Oier"]
[Result "1-0"]
[WhiteTitle "GM"]
[BlackTitle "CM"]
[WhiteElo "2499"]
[BlackElo "2190"]
[WhiteFideId "4659600"]
[BlackFideId "54728207"]
[EventDate "2025.05.27"]

1. e4 e5 2. Nf3 Nc6 3. Bc4 Bc5 4. d3 Nf6 5. Nc3 a6 6. Bg5 h6 7. Bxf6 Qxf6 8. Nd5
Qd8 9. c3 d6 10. d4 Ba7 11. dxe5 dxe5 12. Qe2 O-O 13. O-O-O Bd7 14. Rd2 Bc5 15.
Rhd1 Bd6 16. Nb6 Rb8 17. Nxd7 Qxd7 18. Rd5 Qe7 19. R5d2 Rfd8 20. h4 Rd7 21. g4
g6 22. g5 h5 23. Bd5 Rbd8 24. Bxc6 bxc6 25. Qc4 Rb8 26. Qxc6 Rb6 27. Qc4 Rd8 28.
a4 Rdb8 29. Ne1 Rb3 30. Ng2 Ba3 31. bxa3 Qxa3+ 32. Kc2 Rb2+ 33. Kd3 Rd8+ 34. Ke2
Rbxd2+ 35. Rxd2 Rxd2+ 36. Kxd2 Qb2+ 37. Ke1 Qc1+ 38. Ke2 Qc2+ 39. Kf3 Qd1+ 40.
Kg3 Qg4+ 41. Kh2 Qf3 42. Qxc7 Qxf2 43. Qxe5 Qc2 44. a5 1-0

[Event "Titled Tue 27th May Late"]
[Site "chess.com INT"]
[Date "2025.05.27"]
[Round "1"]
[White "Mata Gonzalez, Jose Fernando"]
[Black "Dyachuk, Artem"]
[Result "1-0"]
[WhiteTitle "CM"]
[BlackTitle "FM"]
[WhiteElo "2164"]
[BlackElo "2356"]
[WhiteFideId "5107423"]
[BlackFideId "34107924"]
[EventDate "2025.05.27"]

1. e4 c5 2. d4 cxd4 3. c3 Nf6 4. e5 Nd5 5. cxd4 d6 6. exd6 Qxd6 7. Nc3 Nc6 8.
Be3 Nxe3 9. fxe3 g6 10. Nf3 Bg7 11. Bc4 O-O 12. O-O a6 13. Ng5 e6 14. Qg4 b5 15.
Bb3 h6 16. Nxf7 Rxf7 17. Rxf7 Kxf7 18. Rf1+ Ke7 19. Qxg6 Bf8 20. Qf7+ Kd8 21.
Qxf8+ Qxf8 22. Rxf8+ Ke7 23. Rh8 Kf6 24. Rxh6+ Kg7 25. Rh4 Bd7 26. Rg4+ Kh6 27.
Bc2 Rf8 28. Rg6+ Kh5 29. Ne2 Nb4 30. Ng3+ Kh4 31. Bd1 e5 32. dxe5 Re8 33. Rg7
Bc8 34. Rh7+ Kg5 35. Rh5+ Kg6 36. h4 Rd8 37. Rg5+ Kh6 38. Bg4 Bb7 39. Nf5+ Kh7
40. Rg7+ Kh8 41. Rxb7 Nxa2 42. Nh6 1-0

[Event "Titled Tue 27th May Late"]
[Site "chess.com INT"]
[Date "2025.05.27"]
[Round "1"]
[White "Aradhya, Garg"]
[Black "Pavlidou, Ekaterini"]
[Result "1-0"]
[WhiteTitle "IM"]
[BlackTitle "WIM"]
[WhiteElo "2383"]
[BlackElo "2198"]
[WhiteFideId "25006746"]
[BlackFideId "4213262"]
[EventDate "2025.05.27"]

1. d4 Nf6 2. c4 e6 3. Nf3 Bb4+ 4. Nbd2 c5 5. a3 Bxd2+ 6. Bxd2 cxd4 7. Nxd4 O-O
8. g3 Nc6 9. Nxc6 bxc6 10. Bg2 d5 11. O-O Ba6 12. cxd5 cxd5 13. Bc3 Rc8 14. Re1
Re8 15. Qa4 Qb6 16. Bd4 Qb7 17. Bxf6 gxf6 18. Qd4 Qe7 19. b3 Rc5 20. e4 e5 21.
Qd2 d4 22. Qh6 Rf8 23. Bh3 Bc8 24. Bf5 Bxf5 25. exf5 e4 26. Qh5 d3 27. Qg4+ Kh8
28. Rxe4 Re5 29. Rd4 d2 30. Rd1 Re1+ 31. Kg2 Qb7+ 32. Kh3 Rg8 33. Qh5 Rg5 34.
Qh6 Qe7 35. R1xd2 Rg8 36. Rh4 Rg7 37. Rc4 Qf8 38. Qh4 Re5 39. Rcd4 Rxf5 40. Rd8
Rg8 41. Rxf8 Rxf8 42. g4 Rf3+ 43. Kg2 Rxb3 44. Qxf6+ 1-0

[Event "Titled Tue 27th May Late"]
[Site "chess.com INT"]
[Date "2025.05.27"]
[Round "1"]
[White "Mei, Austin"]
[Black "Klukin, Kirill"]
[Result "1-0"]
[WhiteTitle "FM"]
[BlackTitle "IM"]
[WhiteElo "2280"]
[BlackElo "2407"]
[WhiteFideId "30948479"]
[BlackFideId "24199273"]
[EventDate "2025.05.27"]

1. e4 c5 2. Nf3 g6 3. d4 cxd4 4. Nxd4 Bg7 5. c4 Nc6 6. Be3 Nf6 7. Nc3 O-O 8. Be2
d6 9. O-O Bd7 10. h3 Nxd4 11. Bxd4 Bc6 12. Qd3 a5 13. f4 Nd7 14. Rad1 Bxd4+ 15.
Qxd4 Qb6 16. Qxb6 Nxb6 17. b3 Nd7 18. Bf3 Nc5 19. Kf2 Rfd8 20. Ke3 f6 21. h4 Kf7
22. h5 e5 23. g3 Ne6 24. Rh1 g5 25. fxe5 dxe5 26. Bg4 Nd4 27. Rh2 h6 28. Rf2 Ke7
29. Rdf1 Rf8 30. Nd5+ Bxd5 31. cxd5 b5 32. Rc1 Ra7 33. Kd3 Kd6 34. Rff1 a4 35.
b4 a3 36. Rc3 Rff7 37. Rfc1 Rfc7 38. Rc5 Rab7 39. R1c3 Ra7 40. Rxc7 Rxc7 41.
Rxa3 Rc1 42. Ra6+ Kc7 43. d6+ Kb7 44. d7 Kxa6 45. d8=Q Rc6 46. Bc8+ Ka7 47. Qd7+ 1-0

[Event "Titled Tue 27th May Late"]
[Site "chess.com INT"]
[Date "2025.05.27"]
[Round "1"]
[White "Chocenka, Dmitrijus"]
[Black "Wagner, Dennis"]
[Result "0-1"]
[WhiteTitle "FM"]
[BlackTitle "GM"]
[WhiteElo "2304"]
[BlackElo "2616"]
[WhiteFideId "12802336"]
[BlackFideId "24650684"]
[EventDate "2025.05.27"]

1. e4 c5 2. Nf3 e6 3. d4 cxd4 4. Nxd4 Nf6 5. Bd3 Qc7 6. O-O a6 7. c4 Nc6 8. Nxc6
dxc6 9. Nc3 e5 10. h3 Be6 11. Qe2 Bc5 12. a3 Nd7 13. b4 Bd4 14. Bb2 O-O 15. Rac1
Rfd8 16. c5 a5 17. Nd1 Nf8 18. Bxd4 Rxd4 19. Bc4 axb4 20. axb4 Ra4 21. Bxe6 Nxe6
22. b5 Rxe4 23. Qh5 g6 24. Qh6 Rh4 25. Qe3 Rae4 26. Qa3 cxb5 27. Ne3 Kg7 28. Nd5
Qc6 29. Ne7 Qd7 30. c6 bxc6 31. Nxc6 Nd4 32. Nxd4 Rxd4 33. Rfe1 Rhe4 34. Rxe4
Rxe4 35. Qc5 b4 36. Rb1 Qd4 37. Qe7 Re2 38. Rf1 b3 39. Kh1 b2 40. f4 Rf2 41.
Rxf2 b1=Q+ 42. Kh2 Qxf2 43. Qxe5+ f6 44. Qe7+ Kh6 45. Qf8+ Kh5 46. Qxf6 Qbg1# 0-1

[Event "Titled Tue 27th May Late"]
[Site "chess.com INT"]
[Date "2025.05.27"]
[Round "1"]
[White "Kuznetsov, Felix"]
[Black "Perez Rojas, Jorge"]
[Result "1-0"]
[WhiteTitle "FM"]
[BlackTitle "FM"]
[WhiteElo "2170"]
[BlackElo "2100"]
[WhiteFideId "34147990"]
[BlackFideId "3452093"]
[EventDate "2025.05.27"]

1. e4 c5 2. Nf3 Nc6 3. d4 cxd4 4. Nxd4 g6 5. Nc3 Bg7 6. Be3 Nf6 7. Bc4 Qa5 8.
O-O O-O 9. Nb3 Qd8 10. f4 d6 11. h3 a6 12. Qf3 Bd7 13. Rad1 b5 14. Be2 Rc8 15.
a3 Qe8 16. Qf2 b4 17. axb4 Nxb4 18. Bf3 Bb5 19. Rfe1 Nd7 20. Nxb5 axb5 21. c3
Na6 22. Bd4 e5 23. Be3 Qe6 24. Nd2 b4 25. Bg4 Qe7 26. Nf3 f5 27. exf5 gxf5 28.
Bh5 e4 29. Nd4 Ndc5 30. Be2 bxc3 31. bxc3 Nb8 32. Bc4+ Kh8 33. Bd5 Nbd7 34. Qe2
Nf6 35. Ba2 Qd7 36. Rb1 Nd3 37. Red1 Rxc3 38. Ne6 Rfc8 39. Nxg7 Kxg7 40. Bd4 Rc2
41. Qh5 Rxa2 42. Qg5+ Kf8 43. Qxf6+ Qf7 44. Qh8+ Ke7 45. Rb7+ Ke6 46. Qxc8+ Kd5
47. Rxf7 Kxd4 48. Qxf5 d5 49. Rd7 Ra5 50. Rxd3+ exd3 51. Qe5+ Kc4 52. Rc7+ Kb3
53. Qc3+ Ka2 54. Qxa5+ 1-0

[Event "Titled Tue 27th May Late"]
[Site "chess.com INT"]
[Date "2025.05.27"]
[Round "1"]
[White "Hartge, Gedeon"]
[Black "Ragger, Markus"]
[Result "0-1"]
[WhiteTitle "FM"]
[BlackTitle "GM"]
[WhiteElo "2328"]
[BlackElo "2566"]
[WhiteFideId "12932116"]
[BlackFideId "1610856"]
[EventDate "2025.05.27"]

1. d4 Nf6 2. c4 g6 3. f3 c5 4. d5 e6 5. e4 d6 6. Nc3 Bg7 7. Nge2 exd5 8. cxd5
O-O 9. Ng3 h5 10. Be2 Nh7 11. Be3 h4 12. Nf1 f5 13. Nd2 f4 14. Bf2 Nd7 15. O-O
Ne5 16. Kh1 Rb8 17. a4 b6 18. Nc4 a6 19. Qe1 g5 20. Rb1 b5 21. axb5 axb5 22.
Nxe5 Bxe5 23. Bxb5 h3 24. gxh3 Bxh3 25. Rg1 g4 26. Bf1 Bxf1 27. Qxf1 g3 28. hxg3
Kh8 29. Qh3 Rf6 30. gxf4 Bxf4 31. Rg4 Qd7 32. Rh4 Qxh3+ 33. Rxh3 Be5 34. Nd1 Rb3
35. Kg2 Kg7 36. Bh4 Rg6+ 37. Kf1 Ng5 38. Bxg5 Rxg5 39. Nf2 Bd4 40. Ng4 Rxg4 41.
fxg4 Rxh3 42. Ke2 Re3+ 43. Kd2 Rxe4 44. b4 cxb4 45. Kd3 Rf4 46. Rxb4 Be5 47.
Rb7+ Kf6 48. Rb8 Rd4+ 49. Ke3 Rxd5 50. Rf8+ Kg7 51. Rf5 Bd4+ 52. Ke4 Rxf5 53.
gxf5 Be5 0-1

[Event "Titled Tue 27th May Late"]
[Site "chess.com INT"]
[Date "2025.05.27"]
[Round "1"]
[White "Mesquita, Eduardo Barbosa"]
[Black "Kislinsky, Alexey"]
[Result "0-1"]
[BlackTitle "GM"]
[WhiteElo "2014"]
[BlackElo "2350"]
[WhiteFideId "22757163"]
[BlackFideId "14108801"]
[EventDate "2025.05.27"]

1. Nf3 d5 2. d4 Nf6 3. c4 dxc4 4. Nc3 a6 5. a4 Nc6 6. e3 Na5 7. Nd2 Be6 8. Be2
c5 9. dxc5 Qc7 10. Nde4 Nxe4 11. Nxe4 Nb3 12. Rb1 Nxc5 13. Nxc5 Qxc5 14. O-O g6
15. b4 cxb3 16. Bb2 f6 17. Rc1 Qd5 18. Qe1 Bg7 19. Qb4 Kf7 20. Bc4 Qd6 21. Qxb3
Bxc4 22. Qxc4+ Qe6 23. Qxe6+ Kxe6 24. Rc7 b5 25. Ba3 Rhe8 26. Rfc1 bxa4 27. f4
f5 28. Kf2 Bf6 29. Kf3 Rab8 30. R1c6+ Kf7 31. Rxa6 Rb3 32. Rxa4 Rd8 33. Bc5 Re8
34. Raa7 h6 35. h3 g5 36. g4 gxf4 37. Kxf4 Bg5+ 38. Kxf5 Rb5 39. Ke4 Bf6 40. Kf5
Bg5 41. e4 Be3 42. e5 Rxc5 43. Rxc5 Bxc5 44. Rc7 Bb4 45. h4 Ra8 46. g5 hxg5 47.
hxg5 Ra1 48. g6+ Kg7 49. Ke6 Kxg6 50. Rc8 Kg7 51. Rb8 Ra4 52. Rb7 Ba3 53. Rb8
Ra6+ 54. Kf5 Kf7 0-1

[Event "Titled Tue 27th May Late"]
[Site "chess.com INT"]
[Date "2025.05.27"]
[Round "1"]
[White "Sieciechowicz, Marcin"]
[Black "Aliyev, Elnur"]
[Result "1-0"]
[WhiteTitle "IM"]
[BlackTitle "CM"]
[WhiteElo "2410"]
[BlackElo "2155"]
[WhiteFideId "1130170"]
[BlackFideId "13402617"]
[EventDate "2025.05.27"]

1. d4 Nf6 2. c4 e6 3. Nc3 Bb4 4. Qc2 d5 5. cxd5 exd5 6. Bg5 h6 7. Bh4 c5 8. dxc5
g5 9. Bg3 Qa5 10. e3 Ne4 11. Rc1 Qxa2 12. Bb5+ Bd7 13. Bxd7+ Nxd7 14. Ne2 Ndxc5
15. O-O Qc4 16. Nxe4 Nxe4 17. Qa4+ b5 18. Rxc4 bxa4 19. Rxb4 Nxg3 20. hxg3 O-O
21. Rxa4 Rfb8 22. b4 Rb7 23. Nc3 Rd8 24. Rd1 Rbd7 25. Rd4 Kg7 26. Ra5 Rc8 27.
Rdxd5 Rxd5 28. Nxd5 Rc1+ 29. Kh2 Rc2 30. f3 Rd2 31. e4 h5 32. Rxa7 g4 33. fxg4
hxg4 34. Ne3 Re2 35. Nxg4 Rxe4 36. Kh3 Rxb4 37. Ne5 Rb1 38. Rxf7+ Kh6 39. g4
Rb3+ 40. Nf3 Kg6 41. Rc7 Rb1 42. Kg3 Rb3 43. Rc6+ Kg7 44. g5 Rb4 45. Ne5 Ra4 46.
Kh3 Kg8 47. g6 Kg7 48. Rc7+ Kg8 49. Ng4 Ra5 50. Nf6+ Kf8 51. Rf7# 1-0

[Event "Titled Tue 27th May Late"]
[Site "chess.com INT"]
[Date "2025.05.27"]
[Round "1"]
[White "Panarin, Mikhail"]
[Black "Gutierrez Olivares, Daniel"]
[Result "1-0"]
[WhiteTitle "GM"]
[BlackTitle "FM"]
[WhiteElo "2562"]
[BlackElo "2354"]
[WhiteFideId "4153251"]
[BlackFideId "2264005"]
[EventDate "2025.05.27"]

1. e4 e6 2. d4 d5 3. Nd2 Nf6 4. e5 Nfd7 5. f4 c5 6. c3 Nc6 7. Ndf3 Qa5 8. Kf2
Be7 9. Bd3 f6 10. g3 cxd4 11. cxd4 fxe5 12. fxe5 O-O 13. Kg2 b5 14. h4 h6 15.
Bc2 Rf7 16. Qd3 Nf8 17. Bd2 Qb6 18. Ne2 Bb4 19. Be3 Be7 20. a3 b4 21. Nf4 Ba6
22. Qd2 b3 23. Bd3 Bxd3 24. Qxd3 Na5 25. Raf1 Nc4 26. Bc1 Rb8 27. Rf2 Bxa3 28.
bxa3 b2 29. Bxb2 Nxb2 30. Qe2 Nc4 31. Ng5 Rf5 32. Nf3 Qb3 33. Re1 Qxa3 34. h5
Rb2 35. Qf1 Qa2 36. Ree2 Rxe2 37. Qxe2 Qb3 38. Nh4 Ne3+ 39. Kh3 Rg5 40. Rf3 Qb1
41. Rxe3 Qh1+ 42. Qh2 Qf1+ 43. Qg2 Qd1 44. Qf3 Qxd4 45. Nfg6 Nxg6 46. hxg6 Qb6
47. Qf7+ Kh8 48. Qf8# 1-0

[Event "Titled Tue 27th May Late"]
[Site "chess.com INT"]
[Date "2025.05.27"]
[Round "1"]
[White "Saidov, Bilukhadzh"]
[Black "Garcia, Jhoel"]
[Result "0-1"]
[WhiteTitle "FM"]
[BlackTitle "IM"]
[WhiteElo "2309"]
[BlackElo "2304"]
[WhiteFideId "34165476"]
[BlackFideId "3801110"]
[EventDate "2025.05.27"]

1. d4 Nf6 2. Nf3 e6 3. Bf4 c5 4. e3 d5 5. c3 Qb6 6. Qc2 Nc6 7. Nbd2 Bd7 8. Rb1
Rc8 9. Qd1 Be7 10. Bd3 Nh5 11. Be5 Nxe5 12. Nxe5 Nf6 13. O-O O-O 14. Qe2 a6 15.
Nxd7 Nxd7 16. f4 f5 17. Kh1 Nf6 18. Nf3 Ne4 19. Rg1 cxd4 20. exd4 Bd6 21. g3 Kh8
22. Rgf1 Qa5 23. a3 b5 24. Ra1 Rb8 25. Kg2 Qb6 26. Ng5 Be7 27. Nf3 Bf6 28. Rfc1
Ra8 29. a4 b4 30. a5 Qb7 31. Ra4 bxc3 32. bxc3 Qb3 33. Rb4 Qa3 34. Qb2 Qxa5 35.
Rb7 Qd8 36. c4 Nd6 37. Rb6 dxc4 38. Bxc4 Nxc4 39. Rxc4 Rb8 40. Rcc6 Rxb6 41.
Rxb6 Qd5 42. Rxa6 Rc8 43. Rb6 h6 44. Rb8 Rxb8 45. Qxb8+ Kh7 46. Qb2 Qe4 47. Qf2
g5 48. fxg5 hxg5 49. Qe1 Qd5 50. Kf2 g4 51. Ng1 Bxd4+ 52. Kf1 Qc4+ 53. Ne2 Qd3 0-1

[Event "Titled Tue 27th May Late"]
[Site "chess.com INT"]
[Date "2025.05.27"]
[Round "1"]
[White "Gomez Gonzales, Fabiana"]
[Black "Papadopoulos, Georgios3"]
[Result "1-0"]
[WhiteTitle "WCM"]
[BlackTitle "FM"]
[WhiteElo "1843"]
[BlackElo "2363"]
[WhiteFideId "3860191"]
[BlackFideId "4210271"]
[EventDate "2025.05.27"]

1. e4 e5 2. Nf3 Nc6 3. Bc4 Nf6 4. Ng5 d5 5. exd5 Na5 6. Bb5+ c6 7. dxc6 bxc6 8.
Bd3 Nd5 9. Nf3 Bd6 10. O-O O-O 11. Re1 f5 12. Nxe5 Qf6 13. Nf3 g5 14. c3 g4 15.
Nd4 Qh6 16. g3 f4 17. Bf1 fxg3 18. fxg3 Rf2 19. Bg2 Rxg2+ 20. Kxg2 c5 21. Re8+
Kf7 22. Rxc8 Rxc8 23. Qxg4 Rg8 24. Qf3+ Nf6 25. Nf5 Qf4 26. Qxf4 Bxf4 27. Kf3
Bg5 28. h4 Kg6 29. hxg5 Nd5 30. Nh4+ Kxg5 31. d4+ Kh5 32. Bf4 Rf8 33. Nd2 Nxf4
34. gxf4 cxd4 35. cxd4 Nc6 36. Nb3 Kh6 37. Rh1 Kg7 38. Ke4 a5 39. Nf5+ Kf6 40.
Rh6+ Kf7 41. Rxc6 Re8+ 42. Kf3 a4 43. Nc5 Ra8 44. Nd6+ Kg7 45. Nde4 a3 46. b4 h5
47. Ng5 Rb8 48. Nce6+ Kg8 49. Rc7 h4 50. Rg7+ 1-0

[Event "Titled Tue 27th May Late"]
[Site "chess.com INT"]
[Date "2025.05.27"]
[Round "1"]
[White "Hernandez Santos, David Ale"]
[Black "Gyurjinyan, Valter"]
[Result "0-1"]
[WhiteTitle "CM"]
[BlackTitle "CM"]
[WhiteElo "1743"]
[BlackElo "2208"]
[WhiteFideId "5132002"]
[BlackFideId "13318179"]
[EventDate "2025.05.27"]

1. d4 Nf6 2. Nc3 d5 3. Bf4 c5 4. e4 Nxe4 5. Nxe4 dxe4 6. dxc5 Qa5+ 7. c3 Qxc5 8.
Qa4+ Nc6 9. Qxe4 g6 10. Rd1 Bg7 11. Qc2 O-O 12. Nf3 Bf5 13. Bd3 Nb4 14. cxb4
Qxc2 15. Bxc2 Bxc2 16. Rc1 Be4 17. O-O Rac8 18. Rxc8 Rxc8 19. Rc1 Rd8 20. Re1
Bxf3 21. gxf3 e6 22. Re2 Rd4 23. Bd2 Rd3 24. Be3 a6 25. Kg2 h6 26. Rc2 Rd7 27.
a3 f5 28. Rc8+ Kf7 29. Rc2 g5 30. f4 g4 31. f3 h5 32. fxg4 hxg4 33. h3 Rd3 34.
Rc7+ Kg6 35. Bf2 gxh3+ 36. Kh2 Rd2 37. Kg3 e5 38. Be3 Rd3 39. Kf2 exf4 40. Bxf4
Bd4+ 41. Ke2 Rb3 42. Rc1 Rxb2+ 43. Kd3 Bb6 44. Rh1 Rb3+ 45. Kc4 Rxa3 46. b5
axb5+ 47. Kxb5 Bd4 48. Kb4 Rf3 49. Bd6 Kh5 50. Kc4 Bf2 51. Kd5 Kg4 52. Ke6 Bg3
53. Be7 h2 54. Bd6 Bxd6 55. Kxd6 Kg3 56. Re1 Kg2 57. Re8 h1=Q 58. Rg8+ Rg3 59.
Rf8 Qd1+ 0-1

[Event "Titled Tue 27th May Late"]
[Site "chess.com INT"]
[Date "2025.05.27"]
[Round "1"]
[White "Martin Fuentes, Alberto"]
[Black "Brozynski, Patryk"]
[Result "0-1"]
[WhiteTitle "FM"]
[BlackTitle "CM"]
[WhiteElo "2376"]
[BlackElo "2219"]
[WhiteFideId "2292289"]
[BlackFideId "2512700"]
[EventDate "2025.05.27"]

1. e4 e6 2. d4 b6 3. Bd3 Bb7 4. c3 c5 5. Nf3 d6 6. O-O Be7 7. Qe2 Nd7 8. e5 Qc7
9. Bf4 Nh6 10. Bb5 a6 11. Bxd7+ Qxd7 12. dxc5 dxc5 13. Bxh6 gxh6 14. Nbd2 Qc6
15. Rfe1 Rg8 16. Ne4 O-O-O 17. Kf1 Rg4 18. Ng3 Kb8 19. Rad1 Rxd1 20. Rxd1 Rg8
21. Qd3 Rd8 22. Qe2 Rxd1+ 23. Qxd1 Qb5+ 24. Qe2 Qa4 25. b3 Qf4 26. Nd2 Bg5 27.
Nde4 Qxe5 28. Nxg5 Qxe2+ 29. Kxe2 hxg5 30. f3 Kc7 31. Nh5 Kd6 32. Nf6 h6 33. g4
Ke5 34. Nd7+ Kf4 35. Nxb6 Bxf3+ 36. Kf2 Bxg4 37. Nd7 e5 38. Nxc5 Bc8 39. b4 f5
40. c4 e4 41. b5 axb5 42. cxb5 g4 43. b6 h5 44. a4 h4 45. b7 Bxb7 46. Nxb7 e3+
47. Ke2 h3 48. Nc5 g3 49. Nd3+ Ke4 50. a5 gxh2 51. a6 h1=Q 52. a7 Qg2+ 53. Ke1
Qd2+ 54. Kf1 Qxd3+ 0-1

[Event "Titled Tue 27th May Late"]
[Site "chess.com INT"]
[Date "2025.05.27"]
[Round "1"]
[White "Ghoreishi Amiri, Seyed Kian"]
[Black "Perry, Patrick"]
[Result "0-1"]
[WhiteTitle "CM"]
[WhiteElo "2215"]
[BlackElo "2296"]
[WhiteFideId "36757527"]
[BlackFideId "30917727"]
[EventDate "2025.05.27"]

1. e4 Nf6 2. e5 Nd5 3. d4 d6 4. c4 Nb6 5. Nf3 Bg4 6. Be2 e6 7. O-O Be7 8. h3
Bxf3 9. Bxf3 d5 10. cxd5 Nxd5 11. Nc3 c6 12. Qb3 Qb6 13. Bd2 Qxb3 14. axb3 Nd7
15. Ne4 O-O 16. Rfc1 Rfc8 17. Kf1 Bb4 18. Bxb4 Nxb4 19. Nd6 Rc7 20. Rc4 Nd5 21.
Rcc1 a6 22. Ra5 N7b6 23. Rac5 Rd7 24. Nc4 Nxc4 25. R5xc4 Kf8 26. Ke2 Ke7 27. Be4
h6 28. g3 Rad8 29. Kd3 a5 30. Bxd5 Rxd5 31. Ke4 Rb5 32. R1c3 Rdd5 33. f4 g6 34.
g4 Kd7 35. h4 Rb6 36. h5 gxh5 37. gxh5 Rdb5 38. f5 Rxb3 39. fxe6+ Kxe6 40. Rc2
Rxb2 41. Rc1 Rh2 42. Ra4 Rb3 43. Rf1 Rh4+ 44. Rf4 Rxf4+ 45. Kxf4 Rb4 46. Rxa5
Rxd4+ 47. Kg3 Rd5 48. Ra7 Rxe5 49. Rxb7 Rxh5 50. Rc7 Rc5 51. Rc8 h5 52. Re8+ Kf6
53. Kh4 Re5 54. Rb8 c5 55. Rb6+ Kf5 56. Kxh5 Ke4+ 57. Kg4 f5+ 58. Kg3 Kd3 59.
Kf4 Rd5 60. Rb3+ Kc2 61. Rb5 Rd4+ 62. Kxf5 c4 63. Ke5 Rd8 64. Ke4 c3 65. Ke3 Kc1
66. Ke2 c2 67. Rb7 Rd4 68. Rb8 Re4+ 69. Kf2 Kd2 70. Rd8+ Kc3 71. Rc8+ Rc4 0-1

[Event "Titled Tue 27th May Late"]
[Site "chess.com INT"]
[Date "2025.05.27"]
[Round "1"]
[White "Zilberstein, Dmitry"]
[Black "Yushko, Olga"]
[Result "1-0"]
[WhiteTitle "IM"]
[BlackTitle "WFM"]
[WhiteElo "2358"]
[BlackElo "2036"]
[WhiteFideId "2010739"]
[BlackFideId "14114500"]
[EventDate "2025.05.27"]

1. e4 Nf6 2. e5 Nd5 3. d4 d6 4. c4 Nb6 5. f4 dxe5 6. fxe5 Bf5 7. Nc3 e6 8. Nf3
Bb4 9. Be3 c5 10. a3 cxd4 11. Bxd4 Bxc3+ 12. Bxc3 Nc6 13. Be2 Qc7 14. O-O Rd8
15. Qe1 O-O 16. Qg3 Ne7 17. Rac1 Ng6 18. Kh1 Bd3 19. Bxd3 Rxd3 20. Bb4 Rfd8 21.
Bd6 Qc6 22. Qg4 h6 23. Nd4 Qe8 24. Rc2 Nd7 25. Nf3 Re3 26. Qd4 Ndxe5 27. Qxe3
Nxf3 28. Bg3 Ng5 29. Rcf2 f6 30. h3 Qc6 31. Kh2 Qxc4 32. Rd2 Rxd2 33. Qxd2 Kh7
34. Rc1 Qb3 35. Rc7 e5 36. Qe2 Ne6 37. Rc8 Nef4 38. Bxf4 Nxf4 39. Qg4 Qxb2 40.
Rc7 Ng6 41. h4 Qd2 42. h5 Qf4+ 43. Qxf4 Nxf4 44. Rxb7 e4 45. Re7 f5 46. Re5 g6
47. Re7+ Kg8 48. hxg6 Nxg6 49. Rxa7 e3 50. Ra6 Kf7 51. Kg1 f4 52. Kf1 Ne5 53.
Ke2 h5 54. Rh6 h4 55. Rxh4 Nc4 56. Rxf4+ Ke6 57. Rxc4 1-0

[Event "Titled Tue 27th May Late"]
[Site "chess.com INT"]
[Date "2025.05.27"]
[Round "1"]
[White "Nouali, Mohamed"]
[Black "Kravtsiv, Martyn"]
[Result "1-0"]
[WhiteTitle "FM"]
[BlackTitle "GM"]
[WhiteElo "2157"]
[BlackElo "2598"]
[WhiteFideId "5502462"]
[BlackFideId "14113147"]
[EventDate "2025.05.27"]

1. e4 e5 2. Bc4 Nf6 3. Nc3 Nc6 4. d3 Na5 5. Qf3 c6 6. Nge2 b5 7. Bb3 Bc5 8. Ng3
d6 9. h3 h6 10. O-O g6 11. Be3 Qe7 12. Rad1 Kf8 13. Nce2 Kg7 14. d4 exd4 15.
Nxd4 Bd7 16. Rfe1 Rae8 17. Bf4 Nh7 18. e5 Bxd4 19. Rxd4 d5 20. c3 Nxb3 21. axb3
Be6 22. b4 Ra8 23. Ra1 h5 24. Ne2 Rhc8 25. Nc1 Bf5 26. Nb3 Nf8 27. Qe3 Ne6 28.
Rd2 Be4 29. Bg3 Qd8 30. f3 Bf5 31. Nc5 a5 32. Nb7 Qc7 33. Nxa5 Rd8 34. Bh2 c5
35. Rad1 d4 36. Qf2 d3 37. g4 hxg4 38. hxg4 Bxg4 39. fxg4 cxb4 40. Qf6+ Kg8 41.
cxb4 Rd4 42. Rg2 Rxb4 43. Rf1 Rxa5 44. Bf4 Ra8 45. Bh6 1-0